00675 2200229 4500001002100000005001700021008004100038035002400079082001500103090002200118100002200140245009000162260007000252300001900322650003000341700001700371850001200388985000600400999001500406990001200421990001200433YOGYA-0209000005983220090227034723.0 ind  0010-020900000059832 a899.211111 a899.211111bGam H aGAM, Ishak Pentua aHikayat Nabi Sulaimancdikarang oleh Ishak Pentua Gam ; dilaksanakan oleh Ramli Harun aJakartabProyek Penerbitan Buku Sastra Indonesia dan Daerahc1982 a160 hlmc21 cm aKesastraan Aceh - Hikayat aHarum, Ramli aYOPDYOG a1 aa000062441 a62411-A a62413-A